| 000 | 01342nam0a2200385 4500 | ||
|---|---|---|---|
| 001 | RU\NLR\bibl\179146 | ||
| 005 | 20250618062453.0 | ||
| 010 |
_a5-901008-13-8 _93000 |
||
| 021 |
_aRU _b2001-21722 _91031 |
||
| 035 | _a(NLR Aleph) 000175827 | ||
| 090 |
_a1014205 _c1014205 |
||
| 100 | _a20010803d2001 |||y0rusy50 ca | ||
| 101 | 0 | _arus | |
| 102 | _aRU | ||
| 105 | _aa ||||||||| | ||
| 200 | 1 |
_aМир трафаретной печати _eПракт. рук. для всех _fЮрий и Ульяна Потаповы |
|
| 210 |
_aМ. _cГелла-принт _d2001 |
||
| 215 |
_a111 с.,[16] л. ил., цв. ил. _d21 |
||
| 225 | 1 |
_aРекламные технологии _eРТ |
|
| 320 | _aБиблиогр.: с. 108 | ||
| 606 | 0 |
_aШелкотрафаретная печать _91817240 _3RU\NLR\auth\661113092 |
|
| 606 | 0 |
_aШелкография _92088662 _3RU\NLR\auth\661264419 |
|
| 610 | 0 | _aПечать по тканям трафаретная | |
| 675 |
_a655.227 _v3 _zrus |
||
| 686 |
_a60 _2rugasnti |
||
| 686 |
_a37.86 _2rubbk |
||
| 686 | _aМ305.048 | ||
| 700 | 1 |
_aПотапов _bЮ. _gЮрий _4070 |
|
| 701 | 1 |
_aПотапова _bУ. _gУльяна _4070 |
|
| 801 | 0 |
_aRU _bRKP _c20010803 _gPSBO |
|
| 801 | 1 |
_aRU _bRKP _c20010803 |
|
| 801 | 2 |
_aRU _bNLR _c20011005 _grcr |
|
| 942 | _cBOOK | ||
| 980 | _aNB | ||